000 00468nam a2200157 i 4500
001 50170
003 ES-MaACL
005 20230906162132.0
007 t|
008 030731s1968 sp ||||1| spa d
245 0 0 _aCrónica y textos del XIII Centenario de San Fructuoso.
260 _aLeón :
_bDiputación Provincial,
_c1968.
300 _a85 p., 20 lám. ;
_c27 cm.
500 _aEs separata de: Tierras de León, nº VIII.
852 _aES-MaACL
_jC-36363
_bR.66760
999 _c50170
_d50170